Novel stochastic solution space search algorithm for early phase vehicle crash design

Uložené v:
Podrobná bibliografia
Hlavný autor: Schenk, Jakub (Autor)
Ďalší autori: Gašparík, Marek (Vedúci práce)
Médium: Rukopis Kniha
Jazyk:Slovak
English
Vydavateľské údaje: 2025
Predmet:
On-line prístup:http://is.stuba.sk/zp/portal_zp.pl?podrobnosti=185601
Tagy: Pridať tag
Žiadne tagy, Buďte prvý, kto otaguje tento záznam!

MARC

LEADER 00000ntm a22000003a 4500
001 stuzp106035
003 SK-STU
005 20250621210631.8
007 ta
008 150427s2015----xo-----f-mn---000-0-slo-d
040 |a STU  |b slo 
041 0 |a eng 
100 1 |a Schenk, Jakub  |u 020010  |4 aut  |U SjF Strojnícka fakulta  |T SjF Ústav aplikovanej mechaniky a mechatroniky  |X 104888  |U J0010  |Y 801  |7 104888 
242 0 1 |a Návrh stochastického algoritmu pre hľadanie priestoru riešení počiatočného návrhu vozidla pri náraze  |y slo 
245 1 0 |a Novel stochastic solution space search algorithm for early phase vehicle crash design 
260 |c 2025 
650 4 |a pružinový mechanický model s koncentrovanými parametrami  |2 slo 
650 4 |a Optimalizácia  |2 slo 
650 4 |a štatistický model  |2 slo 
650 4 |a Pasívna bezpečnosť  |2 slo 
650 4 |a Priestor riešení  |2 slo 
650 4 |a Lumped mass spring element model  |2 eng 
650 4 |a Optimization  |2 eng 
650 4 |a Solution space  |2 eng 
650 4 |a Statistical model  |2 eng 
650 4 |a Passive safety  |2 eng 
700 1 |a Gašparík, Marek  |u 020010  |k Z1  |4 ths  |U SjF Strojnícka fakulta  |T SjF Ústav aplikovanej mechaniky a mechatroniky  |X 68106  |U J0010  |Y 801  |7 A000068106 
856 4 |u http://is.stuba.sk/zp/portal_zp.pl?podrobnosti=185601